| 000 | 00553nam a2200241Ia 4500 | ||
|---|---|---|---|
| 008 | 210210b1984 xxu||||| |||| 00| 0 eng d | ||
| 082 | _a658 MEHB | ||
| 100 | _aMEHTA (M S) | ||
| 245 | _aBusiness organisation and management Rev Ed 2 | ||
| 250 | _a | ||
| 260 |
_aDelhi. _bPremier Book Co., _c1984 |
||
| 300 | _avi,20,27,xiv | ||
| 650 | _aRev | ||
| 650 | _aorganisation | ||
| 650 | _amanagement | ||
| 650 | _aEd | ||
| 650 | _aBusiness | ||
| 650 | _aand | ||
| 650 | _a2 | ||
| 690 | _aManagement | ||
| 700 | _aMURTHY (S N) | ||
| 906 | _a044593 | ||
| 999 |
_c94382 _d94382 |
||